000 00820nmm a2200265 a 4500
001 ocm000746591
003 TR-IsHL
005 20201028153448.0
008 140402s1998 tu tur
007 cr cn
020 _a9789757812814
035 _a746591
_b(N$T)
050 0 4 _aGR280
_b.B89 1998
090 0 4 _aGR280
_b.B89 1998
100 1 _aBüyüktaş, İsmail
245 1 0 _aAşık Kerem ile Aslı Han
_h[electronic resource] /
_cİsmail Büyüktaş
260 _aİstanbul :
_bCan Yayınları,
_c1998
300 _a192 p.
650 4 _aDil ve Edebiyat
650 4 _aLanguage and Literature
650 0 _aDestanlar
_x Anadolu
650 0 _aEpics
_x Anatolia
650 7 _aPOETRY / Epic
_2bisacsh
856 4 0 _uhttp://search.ebscohost.com/login.aspx?direct=true&scope=site&db=e011xww&AN=746591
999 _c12061
_d12061